[Event "Madrid-ch Previa-B"]
[Site "Madrid"]
[Date "2015.02.14"]
[Round "5"]
[White "De Dompablo Fantova, Juan"]
[Black "Aragon Gutierrez, Alejandro"]
[Result "0-1"]
[WhiteElo "1722"]
[BlackElo "1806"]
[PlyCount "110"]
[EventDate "2015.02.05"]
[EventType "swiss"]
[EventRounds "9"]
[EventCountry "ESP"]
[SourceTitle "EXT 2018"]
[Source "ChessBase"]
[SourceDate "2017.10.13"]
[SourceVersion "1"]
[SourceVersionDate "2017.10.13"]
[SourceQuality "1"]

1. e4 e6 2. d4 d5 3. exd5 exd5 4. Bd3 Bd6 5. Nf3 Nc6 6. c3 Nge7 7. 0-0 Bg4 8. Bg5 f6 9. Bh4 Qd7 10. Re1 0-0-0 11. Nbd2 h5 12. Bg3 Bxg3 13. fxg3 h4 14. Nf1 hxg3 15. Nxg3 Qd6 16. Qc2 Kb8 17. b4 Rde8 18. a4 Bxf3 19. gxf3 Nd8 20. Qf2 Ne6 21. Re3 Nf4 22. Kf1 Qd7 23. Ra2 Qh3+ 24. Kg1 Qd7 25. Kf1 Nxd3 26. Rxd3 Ng6 27. Re3 Nf4 28. b5 b6 29. Rxe8+ Rxe8 30. Ra1 Qh3+ 31. Kg1 Qh7 32. Qd2 g5 33. Re1 Qd7 34. Rxe8+ Qxe8 35. Kf1 c6 36. Qe1 Qd7 37. Kg1 cxb5 38. axb5 Qxb5 39. Nf5 Qe2 40. Qxe2 Nxe2+ 41. Kf2 Nxc3 42. Ke3 Kc7 43. Kd3 Nb5 44. Ne3 Kd6 45. Ng2 Ke6 46. Ne3 Nd6 47. Nc2 a5 48. Kc3 Nf5 49. Kb3 Nh4 50. Ne1 b5 51. h3 Kf5 52. Nd3 Nxf3 53. Kc3 Ng1 54. Nc5 Nxh3 55. Nb7 g4 0-1

[Event "Madrid-chT 1213 Honor"]
[Site "Madrid"]
[Date "2013.03.10"]
[Round "13.26"]
[White "Aragon Gutierrez, Alejandro"]
[Black "Lopez del Alamo, Antonio"]
[Result "0-1"]
[WhiteElo "1802"]
[BlackElo "2241"]
[PlyCount "64"]
[EventDate "2012.11.18"]
[EventType "team"]
[EventRounds "14"]
[EventCountry "ESP"]
[SourceTitle "EXT 2014"]
[Source "ChessBase"]
[SourceDate "2013.11.20"]
[SourceVersion "1"]
[SourceVersionDate "2013.11.20"]
[SourceQuality "1"]
[WhiteTeam "Virgen de Atocha"]
[BlackTeam "Villalba 64"]
[WhiteTeamCountry "ESP"]
[BlackTeamCountry "ESP"]

1. d4 Nf6 2. Nf3 g6 3. c4 Bg7 4. Nc3 0-0 5. e4 d6 6. Be2 e5 7. 0-0 Na6 8. d5 Nc5 9. Qc2 a5 10. Be3 Nfd7 11. Nd2 f5 12. f3 f4 13. Bf2 g5 14. a3 a4 15. Rfe1 h5 16. b4 axb3 17. Nxb3 Nxb3 18. Qxb3 Rf6 19. c5 Nf8 20. cxd6 cxd6 21. Rec1 Rg6 22. Qb6 Qf6 23. Kf1 g4 24. Nb5 g3 25. hxg3 fxg3 26. Bg1 h4 27. Nc7 Ra4 28. Ne8 Qg5 29. Rxc8 h3 30. gxh3 g2+ 31. Ke1 Rd4 32. Bxd4 exd4 0-1

[Event "Madrid Oliver Gonzalez Memorial 2nd"]
[Site "Madrid"]
[Date "2011.10.13"]
[Round "6"]
[White "Aragon Gutierrez, Alejandro"]
[Black "Semprun Martinez, Fernando M"]
[Result "1/2-1/2"]
[WhiteElo "1732"]
[BlackElo "2204"]
[PlyCount "88"]
[EventDate "2011.10.08"]
[EventType "swiss"]
[EventRounds "9"]
[EventCountry "ESP"]
[SourceTitle "CBM 144 Extra"]
[Source "ChessBase"]
[SourceDate "2011.10.28"]
[SourceVersion "1"]
[SourceVersionDate "2011.10.28"]
[SourceQuality "1"]

1. d4 Nf6 2. c4 g6 3. Nf3 Bg7 4. Nc3 d5 5. Bf4 0-0 6. e3 c5 7. dxc5 Qa5 8. Be2 dxc4 9. Qa4 Qxa4 10. Nxa4 Ne4 11. Rc1 c3 12. Nxc3 Nxc3 13. bxc3 Be6 14. Rc2 Rc8 15. Ng5 Bd5 16. e4 Bc6 17. f3 Ba4 18. Rc1 Rxc5 19. Be3 Rxc3 20. Kf2 Nc6 21. h4 Rd8 22. Nh3 Rxc1 23. Rxc1 Bd4 24. g4 e5 25. Bc4 Nb4 26. Ng5 Bxe3+ 27. Kxe3 Rd7 28. Bxf7+ Rxf7 29. Nxf7 Kxf7 30. Rc7+ Ke6 31. Rxb7 a5 32. Rxh7 Be8 33. h5 gxh5 34. gxh5 Bf7 35. Rh8 Kf6 36. Ra8 Nc2+ 37. Kd2 Nd4 38. Rxa5 Nxf3+ 39. Ke3 Bxh5 40. Ra8 Ng5 41. Ra6+ Kf7 42. Ra5 Kf6 43. Ra6+ Kf7 44. Ra5 Kf6 1/2-1/2

[Event "Madrid Oliver Gonzalez Memorial 2nd"]
[Site "Madrid"]
[Date "2011.10.11"]
[Round "4"]
[White "Aragon Gutierrez, Alejandro"]
[Black "Penaranda Grilo, Juan Carlos"]
[Result "1-0"]
[WhiteElo "1732"]
[BlackElo "1889"]
[PlyCount "123"]
[EventDate "2011.10.08"]
[EventType "swiss"]
[EventRounds "9"]
[EventCountry "ESP"]
[SourceTitle "CBM 144 Extra"]
[Source "ChessBase"]
[SourceDate "2011.10.28"]
[SourceVersion "1"]
[SourceVersionDate "2011.10.28"]
[SourceQuality "1"]

1. d4 d5 2. c4 e6 3. Nf3 Be7 4. Nc3 Nf6 5. Bg5 0-0 6. e3 h6 7. Bh4 b6 8. Rc1 Bb7 9. Bd3 Nbd7 10. 0-0 c5 11. cxd5 exd5 12. Re1 Ne4 13. Bxe4 dxe4 14. Bxe7 Qxe7 15. Nd2 f5 16. Ne2 Rac8 17. Nf4 Qf7 18. Nc4 Qf6 19. Qb3 Kh7 20. Red1 Rfd8 21. Qa3 a6 22. b4 g5 23. Ne2 f4 24. dxc5 f3 25. Ng3 fxg2 26. Nd6 Rf8 27. Rd2 Bc6 28. Nxc8 Rxc8 29. Rd6 Qf3 30. Qb2 bxc5 31. Qe2 Qf8 32. Rcd1 Ne5 33. Qb2 Nf3+ 34. Kxg2 Nh4+ 35. Kf1 Bb5+ 36. Ne2 Qf3 37. Ke1 Ng2+ 38. Kf1 Nxe3+ 39. Ke1 Nxd1 40. Kxd1 Qxe2+ 41. Qxe2 Bxe2+ 42. Kxe2 cxb4 43. Rxa6 Rc2+ 44. Ke3 Rb2 45. Rb6 Rxa2 46. Rxb4 Ra3+ 47. Kxe4 Rh3 48. Rb6 Rxh2 49. Kf3 Rh4 50. Kg3 Rf4 51. Rd6 Kg7 52. Rb6 Rf6 53. Rb8 h5 54. Ra8 Kg6 55. Ra5 h4+ 56. Kg2 Kh5 57. Ra8 g4 58. Rh8+ Kg5 59. Rb8 h3+ 60. Kg1 Rf5 61. Rb7 Rd5 62. Rb8 1-0

[Event "Madrid San Viator op 16th"]
[Site "Madrid"]
[Date "2011.05.08"]
[Round "6"]
[White "Aragon Gutierrez, Alejandro"]
[Black "Garcia Sanjuan, Jose"]
[Result "1-0"]
[WhiteElo "1728"]
[BlackElo "1919"]
[PlyCount "59"]
[EventDate "2011.03.27"]
[EventType "swiss"]
[EventRounds "9"]
[EventCountry "ESP"]
[SourceTitle "EXT 2012"]
[Source "ChessBase"]
[SourceDate "2011.11.24"]
[SourceVersion "1"]
[SourceVersionDate "2011.11.24"]
[SourceQuality "1"]

1. d4 b6 2. c4 Bb7 3. Nc3 Nf6 4. Nf3 g6 5. Bg5 Bg7 6. e3 0-0 7. Bd3 Na6 8. a3 d6 9. Qc2 c6 10. h4 Qd7 11. 0-0-0 Nc7 12. Bxf6 Bxf6 13. h5 Qg4 14. Rh2 Bc8 15. Ne4 Ne8 16. Rdh1 d5 17. Nxf6+ Nxf6 18. Ne5 Qg5 19. hxg6 fxg6 20. Kb1 Bf5 21. Bxf5 gxf5 22. g4 e6 23. f4 Qg7 24. gxf5 exf5 25. Qxf5 Rae8 26. Qh3 Kh8 27. Rg2 Qc7 28. Ng6+ Kg7 29. Qh6+ Kf7 30. Nxf8 1-0

[Event "San Sebastian de los Reyes op 12th"]
[Site "San Sebastian"]
[Date "2010.12.07"]
[Round "8"]
[White "Camarero Izquierdo, Juan Carlos"]
[Black "Aragon Gutierrez, Alejandro"]
[Result "1-0"]
[WhiteElo "1941"]
[BlackElo "1697"]
[PlyCount "77"]
[EventDate "2010.11.30"]
[EventType "swiss"]
[EventRounds "9"]
[EventCountry "ESP"]
[SourceTitle "CBM 139 Extra"]
[Source "ChessBase"]
[SourceDate "2011.01.05"]
[SourceVersion "1"]
[SourceVersionDate "2011.01.05"]
[SourceQuality "1"]

1. e4 e6 2. d4 d5 3. e5 c5 4. c3 Nc6 5. Nf3 Qb6 6. Bd3 cxd4 7. cxd4 Bd7 8. Bc2 Nb4 9. 0-0 Ne7 10. Nc3 Nxc2 11. Qxc2 Nf5 12. Rd1 Rc8 13. Qd2 Bb4 14. a3 Qa5 15. g4 Ne7 16. Qg5 Bxc3 17. bxc3 Qxc3 18. Be3 Ng6 19. Kg2 0-0 20. Qh5 Ne7 21. Ng5 Qc2 22. Qh3 Qg6 23. Rdb1 b6 24. a4 Nc6 25. Qg3 h6 26. Nf3 Na5 27. h4 Bxa4 28. h5 Qh7 29. g5 hxg5 30. Bxg5 Bc2 31. Rh1 Be4 32. h6 Bxf3+ 33. Qxf3 Qe4 34. Qxe4 dxe4 35. hxg7 Kxg7 36. Bf6+ Kg6 37. Ra3 Rg8 38. Rg3+ Kf5 39. Rh5+ 1-0

[Event "San Sebastian de los Reyes op 12th"]
[Site "San Sebastian"]
[Date "2010.12.01"]
[Round "2"]
[White "Martin Rodriguez, Jose Luis"]
[Black "Aragon Gutierrez, Alejandro"]
[Result "0-1"]
[WhiteElo "1519"]
[BlackElo "1697"]
[PlyCount "102"]
[EventDate "2010.11.30"]
[EventType "swiss"]
[EventRounds "9"]
[EventCountry "ESP"]
[SourceTitle "CBM 139 Extra"]
[Source "ChessBase"]
[SourceDate "2011.01.05"]
[SourceVersion "1"]
[SourceVersionDate "2011.01.05"]
[SourceQuality "1"]

1. e4 e6 2. d4 d5 3. Nc3 Nf6 4. Bg5 Be7 5. e5 Nfd7 6. h4 a6 7. Qd3 c5 8. Bxe7 Qxe7 9. Nf3 Nc6 10. dxc5 Ndxe5 11. Nxe5 Nxe5 12. Qd4 Qf6 13. 0-0-0 Nd7 14. Qxf6 Nxf6 15. f3 Bd7 16. b4 0-0 17. Be2 Rfc8 18. Kb2 Nh5 19. Rhe1 Nf4 20. Bf1 Kf8 21. Ne2 Nxe2 22. Rxe2 Bb5 23. Re5 Bxf1 24. Rxf1 Rc6 25. f4 f6 26. Re2 Rac8 27. Rfe1 Kf7 28. g4 b6 29. cxb6 Rxb6 30. Ka3 Rc4 31. f5 e5 32. Rc1 Rbxb4 33. c3 Ra4+ 34. Kb3 Rxg4 35. Rd2 Ra5 36. c4 dxc4+ 37. Kb2 Rd4 38. Rxd4 exd4 39. Rxc4 Rxf5 40. Rxd4 Re5 41. Rd7+ Kg6 42. Ra7 a5 43. Kb3 f5 44. Ka4 f4 45. Rb7 f3 46. Rb1 f2 47. Rf1 Rf5 48. Kb3 Kh5 49. Kc2 Kxh4 50. Kd2 Kg3 51. Ke2 Kg2 0-1